000 00311nam a2200145Ia 4500
100 _aKhumbhojkar G.V.
942 _cBK
654 _amathematics II
245 _aApplied Mathematics-II
260 _bC Jamnadas & Co
_aMumbai
_c2000
082 _a519
_bKUM
300 _a397
546 _aENGLISH
999 _c32938
_d32938